Top 10 des Villes les plus pluvieuses de France - Statistiques

Statistiques générales
  • Ce quiz a été pris 52 fois
  • Le résultat moyen est 5 sur 10
Statistiques - réponses
Région Ville % Correct
Bretagne Brest
86%
Auvergne Rhône Alpes Lyon
78%
Auvergne Rhône Alpes Grenoble
55%
Nouvelle-aquitaine Biarritz
51%
Franche comté ❤️ Besançon
47%
Auvergne Rhône Alpes Saint-Etienne
47%
Auvergne Rhône Alpes Annecy
41%
Nouvelle-aquitaine Bayonne
37%
Nouvelle-aquitaine Pau
37%
Grand-est Mulhouse
31%
Aucun quiz correspondant
Distribution des résultats
% des personnes avec chaque résultat
Percentile par nombre de réponses
Votre historique - résultats
Vous n’avez pas pris ce quiz